00349nam a2200121Ia 4500008004100000100001500041245003300056260000800089260000900097546001200106999001700118952009200135170619s9999 xx 000 0 und d aSingh S.N. 0aBasic Electrical Engineering bPHI c2011 aENGLISH c19947d19947 00102ddc4070a06b06d2011-11-16e3p06-B-53696r2017-07-03uEC / ENw2017-07-03y01